| 000 | 00936naa a22002897a 4500 | ||
|---|---|---|---|
| 001 | BR7604600 | ||
| 003 | BR-BrBNA | ||
| 005 | 20240918173930.0 | ||
| 007 | ta | ||
| 008 | 230509b bl.||||| |||| 00| 0 por d | ||
| 040 |
_aBR-BrBNA _bpor _cBiblioteca Nacional de Agricultura |
||
| 041 | _a(Pt) | ||
| 072 |
_aQ04 _b9410 _b3715 |
||
| 090 | _aQ04 BR7604600 | ||
| 100 | 1 | _aWosiacki, G. | |
| 245 | 1 | _aComponentes especiais do leite e aplicacao de enzimas | |
| 260 | 3 |
_aLondrina, PR (Brasil): _c[nd]. |
|
| 500 | _a1. Simposio de Tecnologia de Alimentos. Leite Londrina, PR (Brasil): [nd]. p. 231-245 (BR7604600-AM)Q04 | ||
| 650 | _aLEITE | ||
| 650 | _aVALOR NUTRITIVO | ||
| 650 | _aANALISE DE ALIMENTO | ||
| 650 | _aQUIMICA | ||
| 650 | _aENZIMA | ||
| 773 | 0 |
_t1. Simposio de Tecnologia de Alimentos. Leite _wQ04 BR7604600 _gLondrina, PR (Brasil), [nd]. p. 231-245 |
|
| 909 |
_a202404 _bLucia _c55 _dLucia Elande |
||
| 942 |
_cAM _2AGRIS |
||
| 999 |
_c307771 _d307771 |
||